000 00192 a2200097 4500
001 42646
100 _aDeere C
245 _aNine lives
260 _aLondon
_bHodder
_c
090 _c26542
_d26542
942 _aNUST-CAE
_cM
_c18383
999 _c277719
_d277719